Statistiche per Elenca la formazione - Quiz n°196

Clicka qui per fare il quiz!

Statistiche generali

  • Questo quiz è stato fatto 8 volte
  • Il punteggio medio è 9 su 11

Statistiche sulle risposte

RuoloNazioneCalciatore% Corretto
AttaccanteNorvegiaErling Haaland
100%
CentrocampistaInghilterraJude Bellingham
100%
AttaccanteGermaniaMarco Reus
100%
AttaccanteInghilterraJadon Sancho
88%
DifensoreSvizzeraManuel Akanji
88%
DifensoreGermaniaMats Hummels
88%
DifensorePortogalloRaphaël Guerreiro
88%
PortiereSvizzeraRoman Bürki
88%
CentrocampistaGermaniaEmre Can
75%
DifensorePoloniaŁukasz Piszczek
63%
CentrocampistaGermaniaMahmoud Dahoud
38%

Distribuzione punteggi

Percentile per numero di risposta

Percentuale di utenti per punteggio

I tuoi punteggi nel tempo

Non hai fatto questo quiz